000 00614nam a2200193Ii 4500
003 JO-AjNU
008 230605s9999||||xx |||||||||||||| ||und||
040 _aJO-AjNU
_bara
_erda
_cJO-AjNU
041 _aara
050 1 4 _aJC76.1999
100 3 _aالربضي ، إنصاف جميل,
_eauthor
_941667
245 0 0 _aدراسات وتحليلات في الفكر والسياسة العربية المعاصرة
250 _aط1
264 3 1 _aعمان :دار الفكر ،1999
300 _a202ص
336 _atext
_btxt
_2rdacontent
337 _aunmediated
_bn
_2rdamedia
338 _avolume
_bnc
_2rdacarrier
999 _aA17782
_c21350
_d21350